000 00814nam a2200253 a 4500
001 000023876
005 20260129095557.0
008 110114s2001 sp r 000 0 spa d
020 _a8495901080
040 _aDO-SdBNP
_bspa
_cBNPHU
082 _a158.1
_bC697a
100 1 _aCollelldevall Coromines, Rosa
_949117
245 1 0 _aAprendo a vivir /
_cRosa Collelldevall Coromines y Constantí Mas Soler ; prólogo Pepe Rodríguez.
260 _aEspaña :
_bOnyx 21 Editorial,
_c2001.
300 _a157 p. ;
_c24 cm.
490 1 _aBiblioteca arrecife
650 0 _aPsicología aplicada
_91579
650 0 _aPersonalidad
_9395
650 4 _aPsicoanálisis
_91958
700 1 _aRodríguez, Pepe
_epról.
_936000
700 1 _aMas Soler, Constantí
_949118
830 0 _aBiblioteca arrecife
_949119
049 _aBNGR
999 _c23372
_d23372